Teams in the Swiss Super League 2024/25 - Statistics

General Stats
  • This quiz has been taken 14 times
  • The average score is 10 of 12
Answer Stats
Last Season Answer % Correct
Champions Basel
100%
8th place St. Gallen
93%
3rd place Young Boys
93%
7th place Zürich
93%
Relegation Playoffs Grasshoppers Zürich
86%
5th place Lausanne-Sport
86%
10th place Winterthur
86%
4th place Lugano
79%
6th place Luzern
79%
Runners up Servette
79%
9th place Sion
79%
Relegated Yverdon-Sport
64%
No matching quizzes found
Score Distribution
Percent of People with Each Score
Percentile by Number Answered
Your Score History
You have not taken this quiz